000 00888nam a22002297a 4500
999 _c13023
_d13023
003 AR-CdUCM
008 190411b ||||| |||| 00| 0 spa d
040 _aMUNICIPALIDAD PROVINCIAL DEL CUSCO
_cBIBLIOTECA MUNICIPAL DEL CUSCO
082 _a985.62 /
_bF83 / 1967
100 _aFrisancho Pineda , David
_923034
245 _aLos Collas :
_bpueblo constructor de chulpas /
260 _aPuno :
_bLos Andes,
_c1967.
300 _a73 páginas ;
_bIlustraciones,
_c24 cm.
505 _aContenido: Importancia arqueológica de Puno -- Referencias históricas bibliográficas -- El altiplano del collao gran centro de civilizaciones andinas -- Pueblos que vivieron en el altiplano ...
650 _aArqueología
_9371
650 _aIndígenas aimaras
_931188
650 _aChulpas
_931189
650 _aPerú
_935
650 _aPuno
_93897
942 _2ddc
_cLIBROS
945 _aacv
_d2019-04-11